000 00697nam a2200193 a 4500
005 20140412111228.0
008 020311s19uu xx 00 eng d
020 _a0-14-050805-8
050 _aER
_bGu93 1990
100 _aBiro, Val
245 _aGumdrop to the rescue /
_cstory and pictures by Val Biro.
260 _aLondon :
_bPuffin Books,
_c1986.
300 _a1 v. (unp.) ; ill.
440 _aPicture Puffins
520 _aGumdrop, the best loved motor car in the world, celebrates his 60th birthday by travelling down to the Historic Motor Show at Beaulieu. On the way, the vintage AA motorbike is stolen.
650 _aCar
_xFiction
650 _aChildren stories
999 _c102105
_d102105